| Tag |
First Indicator |
Second Indicator |
Subfields |
| LEADER |
00000cam a22000007a 4500 |
| 001 |
in00001203421 |
| 005 |
20151002074502.0 |
| 008 |
941004s1994 enka 000 0 eng d |
| 010 |
|
|
|a gb 94080226
|
| 015 |
|
|
|a GB94-80226
|
| 020 |
|
|
|a 0727719971 :
|c £35.00 : Formerly CIP
|
| 035 |
|
|
|a (OCoLC)31377330
|
| 035 |
|
|
|9 AGP1193AM
|
| 040 |
|
|
|a UKM
|c UKM
|d TXA
|d UtOrBLW
|
| 049 |
|
|
|a TXAM
|
| 082 |
0 |
4 |
|a 628.2
|2 20
|
| 090 |
|
|
|a TC179
|b .T32 1994
|
| 245 |
0 |
0 |
|a Tables for the hydraulic design of pipes, sewers and channels /
|c HR Wallingford and D.I.H. Barr.
|
| 250 |
|
|
|a 6th ed.
|
| 264 |
|
1 |
|a London :
|b Thomas Telford,
|c 1994.
|
| 300 |
|
|
|a volumes :
|b illustrations
|
| 336 |
|
|
|a text
|b txt
|2 rdacontent
|
| 337 |
|
|
|a unmediated
|b n
|2 rdamedia
|
| 338 |
|
|
|a volume
|b nc
|2 rdacarrier
|
| 505 |
1 |
|
|a Vol. 1. 1994.
|
| 500 |
|
|
|a Previous edition : published as Tables for the hydraulic design of pipes and sewers, 1990.
|
| 650 |
|
0 |
|a Hydraulics
|x Tables.
|
| 650 |
|
0 |
|a Pipe
|x Hydrodynamics
|x Tables.
|
| 650 |
|
0 |
|a Sewerage
|x Tables.
|
| 700 |
1 |
|
|a Barr, D. I. H.
|
| 710 |
2 |
|
|a HR Wallingford (Firm)
|
| 730 |
0 |
|
|a Tables for the hydraulic design of pipes and sewers.
|
| 999 |
|
|
|a MARS
|
| 999 |
f |
f |
|s d8a26b42-4212-3edc-941f-8741923725d1
|i d2d04176-ff0d-3539-be69-0cdd2c9cc462
|t 0
|
| 952 |
f |
f |
|p ric
|a Texas A&M University
|b Rellis Campus
|c Joint Library Facility
|d Remote Storage
|t 0
|e TC179 .T32 1994
|h Library of Congress classification
|i unmediated -- volume
|k v.1
|m A14818858032
|
| 952 |
f |
f |
|p ric
|a Texas A&M University
|b Rellis Campus
|c Joint Library Facility
|d Remote Storage
|t 0
|e TC179 .T32 1994
|h Library of Congress classification
|i unmediated -- volume
|k v.2
|m A14818678830
|
| 998 |
f |
f |
|a TC179 .T32 1994
|s v.1-v.2
|t 0
|l Remote Storage
|